Central Library OPAC University of Rajshahi

Parliamentary election 1996 : (Record no. 43892)

MARC details
000 -LEADER
fixed length control field 00844nam a2200253 a 4500
001 - CONTROL NUMBER
control field 43892
003 - CONTROL NUMBER IDENTIFIER
rucl marc code BD-RjUL
005 - DATE AND TIME OF LATEST TRANSACTION
control field 20211209053752.0
008 - FIXED-LENGTH DATA ELEMENTS--GENERAL INFORMATION
fixed length control field 160628s1996 bg a b 000 0 eng
020 ## - INTERNATIONAL STANDARD BOOK NUMBER
International Standard Book Number 9845561756
035 ## - SYSTEM CONTROL NUMBER
System control number (BD-RjUL)44010
040 ## - CATALOGING SOURCE
Original cataloging agency DLC
Transcribing agency DLC
Language of cataloging eng
Modifying agency BD-RjUL
041 ## - LANGUAGE CODE
Language code of text/sound track or separate title eng
082 00 - DEWEY DECIMAL CLASSIFICATION NUMBER
Classification number 324.95492
Edition number 23
Author mark and year AHP 1996
100 10 - MAIN ENTRY--PERSONAL NAME
Personal name Ahmed, Minhaj Uddin.
9 (RLIN) 134875
245 10 - TITLE STATEMENT
Title Parliamentary election 1996 :
Remainder of title voting behaviour of rural electorate in Bangladesh /
Statement of responsibility, etc. A.J. Minhaj Uddin Ahmad
260 ## - PUBLICATION, DISTRIBUTION, ETC. (IMPRINT)
Place of publication, distribution, etc. Bogra, Bangladesh :
Name of publisher, distributor, etc. Rural Development Academy,
Date of publication, distribution, etc. 1996
300 ## - PHYSICAL DESCRIPTION
Pagination 75 p. :
Illustrations ill ;
Size 23 cm.
504 ## - BIBLIOGRAPHY, ETC. NOTE
Bibliography, etc Includes bibliographical references (p. [73]-75).
650 #0 - SUBJECT ADDED ENTRY--TOPICAL TERM
Topical term or geographic name as entry element Elections
Geographic subdivision Bangladesh.
9 (RLIN) 134876
651 #0 - SUBJECT ADDED ENTRY--GEOGRAPHIC NAME
Geographic name Bangladesh
General subdivision Politics and government.
9 (RLIN) 116974
942 ## - ADDED ENTRY ELEMENTS (KOHA)
Source of classification or shelving scheme Dewey Decimal Classification
Koha item type Books
Holdings
Lost status Source of classification or shelving scheme Damaged status Not for loan Collection code Permanent Location Current Location Shelving location Date acquired Total Checkouts Full call number Date last seen Copy number Koha item type
  Dewey Decimal Classification     Non-fiction Central Library, University of Rajshahi Central Library, University of Rajshahi   31/10/1996   324.95492 AHP 1996 28/06/2016 C-2 Books